Mientras la muerte llega ; novela de la revolucion.

Bibliographic Details
Main Author: Lira, Miguel N.
Format: Book
Language:Spanish
Published: [Mexico] : Libro Mex Editores, 1958

MARC

Tag First Indicator Second Indicator Subfields
LEADER 00000cam a2200000 4500
001 in00000022360
005 20151007063948.0
008 790314c19581957mx 00001 spa
010 |a  58036721  
035 |a (OCoLC)04742946 
035 |a AAD8712AM 
040 |a DLC  |c YSM  |d TXA  |d UtOrBLW 
049 |a TXAM  |c [287472] 
050 0 0 |a PQ7297.L47  |b M5 
092 |a 863  |b L768m 
100 1 |a Lira, Miguel N. 
245 1 0 |a Mientras la muerte llega ;  |b novela de la revolucion. 
264 1 |a [Mexico] :  |b Libro Mex Editores,  |c 1958 
264 4 |c [©1957] 
300 |a 188 pages ;  |c 19 cm. 
336 |a text  |b txt  |2 rdacontent 
337 |a unmediated  |b n  |2 rdamedia 
338 |a volume  |b nc  |2 rdacarrier 
999 |a MARS 
999 f f |s af572e24-346f-3925-83a2-0ea2d739a4f6  |i 48a52238-bce0-3658-9bf1-22cef1a0929e  |t 0 
952 f f |p normal  |a Texas A&M University  |b College Station  |c Sterling C. Evans Library  |d Evans: Library Stacks  |t 0  |e PQ7297.L47 M5  |h Library of Congress classification  |i unmediated -- volume  |m A14801384674 
998 f f |a PQ7297.L47 M5  |t 0  |l Evans: Library Stacks